000
00197nam a2200085 4500
001
1258313
005
20260306114859.0
245
_a
ÖLÜM DİKEN ÜSTÜNDE
_c
AGATHA CHRISTIE
260
_b
ALTIN KİTAPLAR
999
_c
1258313
_d
1258313